Modern genetic analysis

שמור ב:
מידע ביבליוגרפי
מחבר ראשי: ANTHONY J F GRIFFITHS ...[et al.]
פורמט: ספר
שפה:Undetermined
יצא לאור: New York W. H. Freeman 1999
נושאים:
תגים: הוספת תג
אין תגיות, היה/י הראשונ/ה לתייג את הרשומה!
Thư viện lưu trữ: Trung tâm Học liệu Trường Đại học Cần Thơ
LEADER 00478nam a2200169Ia 4500
001 CTU_48895
008 210402s9999 xx 000 0 und d
082 |a 572.8 
082 |b M691 
100 |a ANTHONY J F GRIFFITHS ...[et al.] 
245 0 |a Modern genetic analysis 
245 0 |c ANTHONY J F GRIFFITHS ...[et al.] 
260 |a New York 
260 |b W. H. Freeman 
260 |c 1999 
650 |a molecular genetics 
980 |a Trung tâm Học liệu Trường Đại học Cần Thơ